|
ห้องสมุด วิทยาลัยพยาบาลบรมราชชนนี อุดรธานี
Boromarajonani College of Nursing, Udonthani
|


|
mysqli: Table './ulib2015/stat_globaluid' is marked as crashed and last (automatic?) repair failed
select id from stat_globaluid where statuid='20260419154946_1447'
mysqli: Table './ulib2015/stat_globaluid' is marked as crashed and last (automatic?) repair failed
DELETE FROM stat_globaluid
WHERE id NOT IN (
SELECT id
FROM (
SELECT id
FROM stat_globaluid
ORDER BY id DESC
LIMIT 100
) foo
);
mysqli: Table './ulib2015/stat_globaluid' is marked as crashed and last (automatic?) repair failed
insert into stat_globaluid set
statuid='20260419154946_1447',
dt='1776588586',
phpself='/ULIB/dublinfull.php',
agent='Mozilla/5.0 AppleWebKit/537.36 (KHTML, like Gecko; compatible; ClaudeBot/1.0; +claudebot@anthropic.com)',
yea='2026',
mon='4',
dat='19',
ip='216.73.216.142'
| LEADER 00674nam 2200229 a 4500 |
| 001 12004 |
| 003 ULIBM |
| 008 010811s2520 th m a001 0 tha d |
| 050 4 ^aWV449^bว522ป 2520
|
| 245 10 ^aปากแหว่ง - เพดานโหว่ ความรู้พื้นฐาน/^cวิจิตร บุณยะโหตระ
|
| 250 ^aพิมพ์ครั้งที่ 1.
|
| 260 ^aกรุงเทพฯ:^bโรงพยาบาลรามาธิบดี,^c2520
|
| 300 ^a 128 หน้า.
|
| 650 7 ^aปากแหว่ง
|
| 700 0 ^aเพดานโหว่
|
| 945 ^p0^l0^i16559 |
| 999 ^aลิขิตลักษณ์
|
| คุณยังไม่ได้ล็อกอิน คุณสามารถมีกิจกรรมร่วมกับเว็บไซต์ได้ แต่ต้องล็อกอินก่อน :: |
|
| ลำดับที่ |
ประเภท |
เลขเรียก/บาร์โค้ด |
สถานที่ |
สถานะ |
| 1. |
 หนังสือการพยาบาล | WV449 ว522ป 2520 Barcode: 16559 | หนังสือทั่วไป | On Shelf |
| [แสดง 1/1 รายการ] |
mysqli: Can't create/write to file '/var/tmp/#sql_59d_0.MAI' (Errcode: 2)
select * from index_db where titl like '%ปากแหว่ง - เพดานโหว่ ความรู้พื้นฐาน/ วิจิตร บุณยะโหตระ%' and mid<>'12004' order by rand() limit 3
mysqli: Can't create/write to file '/var/tmp/#sql_59d_0.MAI' (Errcode: 2)
select * from index_db where subj like '%ปากแหว่ง%' and mid<>'12004' order by rand() limit 3
|
ยังไม่เคยถูกคอมเมนท์
|
| คอมเมนท์ทรัพยากรรายการนี้ |
|